000 00390nam a2200121Ia 4500
008 220216s9999 xx 000 0 und d
100 _aNugawela A
245 0 _aTapper shortage in Sri Lanka - Reasons, repercussions and recommendations to minimize it
260 _bBulletin of the Rubber Research Institute of Sri Lanka
_c2000
300 _a39-40
650 _aTapper shortage
942 _cJS
999 _c70209
_d70209